|
|
|
|
| LEADER |
00819nam a2200277 4500 |
| 001 |
DLU090090552 |
| 005 |
##20090526 |
| 040 |
# |
# |
|a DLU
|b vie
|
| 041 |
# |
# |
|a vie
|
| 044 |
# |
# |
|a vn
|
| 100 |
# |
# |
|a Nguyễn Đức Mai,
|c ThS.
|
| 245 |
# |
# |
|a Bổ sung, thay đổi và rút kháng cáo, kháng nghị phúc thẩm /
|c Nguyễn Đức Mai.
|
| 653 |
# |
# |
|a kháng cáo
|
| 653 |
# |
# |
|a kháng nghị phúc thẩm
|
| 653 |
# |
# |
|a Bộ luật TTHS
|
| 653 |
# |
# |
|a Thực tiễn
|
| 773 |
# |
# |
|t Nhà nước và pháp luật
|g Số 6, 1999, tr. 21-26
|
| 920 |
# |
# |
|a Phòng Tạp chí -- Trung tâm Thông tin - Thư viện Trường Đại học Đà Lạt
|
| 994 |
# |
# |
|a DLU
|
| 900 |
# |
# |
|a True
|
| 911 |
# |
# |
|a Nguyễn Thị Mai Anh
|
| 925 |
# |
# |
|a G
|
| 926 |
# |
# |
|a A
|
| 927 |
# |
# |
|a BB
|
| 980 |
# |
# |
|a Thư viện Trường Đại học Đà Lạt
|